00551nam a2200157 a 450000500170000000800410001702000180005805000230007610000190009924500580011826000580017630000220023452000910025665000170034765000290036420140412111308.0010424s19uu xx 00 eng d a0-02-789120-8 aTR(PS EbDo65 1994 aTedesco, Donna aDo you know how much I love you? /cby Donna Tedesco. aNew York :bMacmillan Books for Young Readers,c1994. a1v. (unp.) ; ill. aThe unending love of a parent for a child is described in terms that continue to grow. aLove-Fiction aParent and child-Fiction